000 00608nam a2200169Ia 4500
008 110201s9999 xx 000 0 und d
082 _bB5909
_aKS 912
100 _aशेवडे शैलजा
245 _aदिवाळी अंक निवडक कथा 1
260 _bनवी मुंबई प्रकाशन
365 _b350
600 _aशेवडे शैलजा
630 _aदिवाळी अंक निवडक कथा 1
700 _aशेवडे शैलजा
730 _aदिवाळी अंक निवडक कथा 1
942 _cBOOK
999 _c831635
_d831632